Magic pickle / (Record no. 4307)

MARC details
000 -LEADER
fixed length control field 00950nam a22002417a 4500
001 - CONTROL NUMBER
control field 4307
003 - CONTROL NUMBER IDENTIFIER
control field FISKH
005 - DATE AND TIME OF LATEST TRANSACTION
control field 20250805102317.0
008 - FIXED-LENGTH DATA ELEMENTS--GENERAL INFORMATION
fixed length control field 240717b cb ||||| |||| 00| 0 eng d
020 ## - INTERNATIONAL STANDARD BOOK NUMBER
International Standard Book Number 9780439879958
040 ## - CATALOGING SOURCE
Original cataloging agency FISKH
Language of cataloging eng
Transcribing agency FISKH
Modifying agency FISKH
050 ## - LIBRARY OF CONGRESS CALL NUMBER
Classification number PN6727.M678
082 ## - DEWEY DECIMAL CLASSIFICATION NUMBER
Classification number 741.5973
100 ## - MAIN ENTRY--PERSONAL NAME
Personal name Morse, Scott
245 ## - TITLE STATEMENT
Title Magic pickle /
Statement of responsibility, etc. Edited by Sheila Keenan ; Book Design by Phil Falco ; Creative Director by David Saylor
260 ## - PUBLICATION, DISTRIBUTION, ETC.
Place of publication, distribution, etc. New York :
Name of publisher, distributor, etc. Scholastic,
Date of publication, distribution, etc. 2008.
300 ## - PHYSICAL DESCRIPTION
Extent 100 unnumbered pages :
Other physical details color illustrations ;
Dimensions 23 cm
520 ## - SUMMARY, ETC.
Summary, etc. When Weapon Kosher, the Magic Pickle, erupts from her bedroom floor, young Jo Jo Wigman works with him to stop the Brotherhood of Evil Produce from taking over the world and tries to find a way to impress cute Danny Johnson.
650 ## - SUBJECT ADDED ENTRY--TOPICAL TERM
Topical term or geographic name entry element Graphic Novel
Form subdivision Fantasy
General subdivision Superheroes
700 ## - ADDED ENTRY--PERSONAL NAME
Personal name Keenan, Sheila
Relator term Editor
942 ## - ADDED ENTRY ELEMENTS (KOHA)
Source of classification or shelving scheme Dewey Decimal Classification
Koha item type Books
Suppress in OPAC No
Holdings
Withdrawn status Lost status Source of classification or shelving scheme Damaged status Not for loan Collection Home library Current library Shelving location Date acquired Total Checkouts Full call number Barcode Date last seen Price effective from Koha item type Copy number
    Dewey Decimal Classification     Fiction Footprints International School Library Network Toul Kork Campus Footprints International School Library Network Toul Kork Campus A TK Campus, Comic Books (All Reading Levels), B401 Bookcase 1/2, Shelf 3 07/17/2024   MOR 741.5973 PN6727.M678 FISTK04827 07/17/2024 07/17/2024 Books  
    Dewey Decimal Classification     Fiction Footprints International School Library Network Toul Tom Poung Campus Footprints International School Library Network Toul Tom Poung Campus TTP Comic Books all Levels 08/05/2025   MOR 741.5973 PN6727.M678 FISSE02187 08/05/2025 08/05/2025 Books 2